| 000 | 00589 a2200181 4500 | ||
|---|---|---|---|
| 020 | _a0748402535 | ||
| 020 | _a9780748402533 | ||
| 082 | 0 | 4 | _a530.425 |
| 090 |
_c838 _d838 |
||
| 100 | 1 | _aStauffer, Dietrich. | |
| 245 | 1 | 0 |
_aIntroduction to percolation theory / _cDietrich Stauffer, Ammon Aharony. |
| 250 | _a2nd ed. | ||
| 260 |
_a[S.l.] : _bCRC Press, _c1994. |
||
| 300 |
_a192 p. ; _c24 cm. |
||
| 700 | 1 | _aAharony, Ammon. | |
| 942 |
_aSNS _cBK _k530.425 STA |
||
| 999 |
_c29462 _d29462 |
||